书目信息 |
| 题名: |
第三次工业革命
|
|
| 作者: | 里夫金 著 ;张体伟 , 孙豫宁 译 | |
| 分册: | ||
| 出版信息: | 北京 中信出版社 2012.06 |
|
| 页数: | 24,288页 | |
| 开本: | 23cm | |
| 丛书名: | ||
| 单 册: | ||
| 中图分类: | F113.1 | |
| 科图分类: | ||
| 主题词: | 经济模式--研究--世界 , 经济模式 | |
| 电子资源: | ||
| ISBN: | 978-7-5086-3312-1 | |
| 000 | 01568nam0 2200289 450 | |
| 001 | 010700132638 | |
| 005 | 20130609082645.57 | |
| 010 | @a978-7-5086-3312-1@dCNY45.00 | |
| 035 | @a005817416 | |
| 100 | @a20120615d2012 em y0chiy0110 ea | |
| 101 | 1 | @achi@ceng |
| 102 | @aCN@b110000 | |
| 105 | @ay z 000yy | |
| 106 | @ar | |
| 200 | 1 | @a第三次工业革命@9di san ci gong ye ge ming@dThe third industrial revolution@e新经济模式如何改变世界@f(美)杰里米·里夫金(Jeremy Rifkin)著@g张体伟,孙豫宁译@zeng |
| 210 | @a北京@c中信出版社@d2012.06 | |
| 215 | @a24,288页@d23cm | |
| 330 | @a本书作者为我们描绘了一个宏伟的蓝图:数亿计的人们将在自己家里、办公室里、工厂里生产出自己的绿色能源,并在“能源互联网”上与大家分享,这就好像现在我们在网上发布、分享消息一样。能源民主化将从根本上重塑人际关系,它将影响我们如何做生意,如何管理社会,如何教育子女和如何生活。我们正处于第二次工业革命和石油世纪的最后阶段。这是一个令人难以接受的严峻现实,因为这一现实将迫使人类迅速过渡到一个全新的能源体制和工业模式。否则,人类文明就有消失的危险。作者敏锐地发现,历史上数次重大的经济革命都是在新的通讯技术和新的能源系统结合之际发生的。新的通讯技术和新的能源系统结合将再次出现——互联网技术和可再生能源将结合起来,将为第三次工业革命创造强大的新基础设施。 | |
| 510 | 1 | @aThird industrial revolution@zeng |
| 606 | 0 | @a经济模式@x研究@y世界 |
| 606 | 0 | @a经济模式 |
| 690 | @aF113.1@v5 | |
| 701 | 0 | @c(美)@a里夫金@9li fu jin@c(Rifkin, Jeremy)@4著 |
| 702 | 0 | @a张体伟@9zhang ti wei@f(1973.2~)@4译 |
| 702 | 0 | @a孙豫宁@9sun yu ning@4译 |
| 801 | 0 | @aCN@bNLC@c20120831 |
| 905 | @dF113.1@e153 | |
| 第三次工业革命=The third industrial revolution:新经济模式如何改变世界/(美)杰里米·里夫金(Jeremy Rifkin)著/张体伟,孙豫宁译.-北京:中信出版社,2012.06 |
| 24,288页;23cm |
| ISBN 978-7-5086-3312-1:CNY45.00 |
| 本书作者为我们描绘了一个宏伟的蓝图:数亿计的人们将在自己家里、办公室里、工厂里生产出自己的绿色能源,并在“能源互联网”上与大家分享,这就好像现在我们在网上发布、分享消息一样。能源民主化将从根本上重塑人际关系,它将影响我们如何做生意,如何管理社会,如何教育子女和如何生活。我们正处于第二次工业革命和石油世纪的最后阶段。这是一个令人难以接受的严峻现实,因为这一现实将迫使人类迅速过渡到一个全新的能源体制和工业模式。否则,人类文明就有消失的危险。作者敏锐地发现,历史上数次重大的经济革命都是在新的通讯技术和新的能源系统结合之际发生的。新的通讯技术和新的能源系统结合将再次出现——互联网技术和可再生能源将结合起来,将为第三次工业革命创造强大的新基础设施。 |
| ● |
| 相关链接 |
|
|
|
|
正题名:第三次工业革命
索取号:F113.1/153
 
预约/预借
| 序号 | 登录号 | 条形码 | 馆藏地/架位号 | 状态 | 备注 |
| 1 | 0545508 | 205455087 | 第一样本阅览室/ [索取号:F113.1/153] | 在馆 | |
| 2 | 0545509 | 205455096 | 第一借阅区/ [索取号:F113.1/153] | 在馆 | |
| 3 | 0545510 | 205455103 | 第一借阅区/ [索取号:F113.1/153] | 在馆 | |
| 4 | 0545511 | 205455112 | 第一借阅区/ [索取号:F113.1/153] | 在馆 | |
| 5 | 0545512 | 205455121 | 第一借阅区/ [索取号:F113.1/153] | 在馆 |